| 000 | 00421nam a22001697a 4500 | ||
|---|---|---|---|
| 005 | 20180720114057.0 | ||
| 008 | 160514b xxu||||| |||| 00| 0 eng d | ||
| 020 | _a81-219-2014-0 | ||
| 041 | _aeng | ||
| 082 |
_b2294 _a658.16 |
||
| 100 |
_aKhanka, Dr. S.S. _92726 |
||
| 245 | _aOrganizational Behavior:text and cases | ||
| 260 |
_bS. Chand & Company _c2010 |
||
| 300 | _a530p, | ||
| 650 |
_aManagement _9241 |
||
| 942 | _cBK | ||
| 999 |
_c837 _d837 |
||